00811nam a2200229Ii 45000010005000000030009000050080041000140200015000550400033000700410008001030820015001111000027001262450093001532640041002463000012002873360026002993370028003253380027003539400050003809990017004309520134004472960CO-ViMGA241108s9999||||xx |||||||||||||| ||und|| a8427012136 aCO-ViMGAbspaerdacCO-ViMGA0 aspa04a153.9 Y47s1 aRoger B. Yepsen95183310aSupermente:bCómo desarrollar al máximo la inteligencia, la memoria y la creatividad 1aBogotá, Colombia : Presencia, 1988 avolumen atextbtxt2rdacontent aunmediatedbn2rdamedia avolumebnc2rdacarrier aidficha_siabuc: 2895. -- ficha_no_siabuc:2960 c46592d46592 001040708001aMEVIGERRbMEVIGERRcGENd2006-11-27o153.9 Y47spECA1023r2024-11-26 09:36:24tEj.1w2024-11-26yBKz2895 | 4013